<?xml version="1.0" encoding="UTF-8"?>
<record
    xmlns:xsi="http://www.w3.org/2001/XMLSchema-instance"
    xsi:schemaLocation="http://www.loc.gov/MARC21/slim http://www.loc.gov/standards/marcxml/schema/MARC21slim.xsd"
    xmlns="http://www.loc.gov/MARC21/slim">

  <leader>00671nam a2200181Ia 4500</leader>
  <controlfield tag="005">20260429112040.0</controlfield>
  <controlfield tag="008">260429s9999||||xx |||||||||||||| ||und||</controlfield>
  <datafield tag="020" ind1=" " ind2=" ">
    <subfield code="a">9789391798710</subfield>
  </datafield>
  <datafield tag="041" ind1=" " ind2=" ">
    <subfield code="a">Hindi</subfield>
  </datafield>
  <datafield tag="082" ind1=" " ind2=" ">
    <subfield code="a">891.431</subfield>
    <subfield code="b">BAL</subfield>
  </datafield>
  <datafield tag="100" ind1=" " ind2=" ">
    <subfield code="a">&#x92C;&#x93E;&#x932;&#x93E;, &#x930;&#x91C;&#x928;&#x940; </subfield>
  </datafield>
  <datafield tag="245" ind1=" " ind2="0">
    <subfield code="a">&#x907;&#x924;&#x93F;&#x939;&#x93E;&#x938; &#x938;&#x947; &#x92C;&#x93E;&#x939;&#x930; &#x915;&#x939;&#x93E;&#x902; &#x930;&#x916;&#x942;&#x902; &#x907;&#x938;&#x947;...&#x928;&#x930;&#x947;&#x902;&#x926;&#x94D;&#x930; &#x92E;&#x94B;&#x939;&#x928; &#x930;&#x91A;&#x928;&#x93E;- &#x938;&#x902;&#x91A;&#x92F;&#x928; / </subfield>
    <subfield code="c">&#x930;&#x91C;&#x928;&#x940; &#x92C;&#x93E;&#x932;&#x93E;</subfield>
  </datafield>
  <datafield tag="250" ind1=" " ind2=" ">
    <subfield code="a">1st ed.</subfield>
  </datafield>
  <datafield tag="260" ind1=" " ind2=" ">
    <subfield code="a">&#x926;&#x93F;&#x932;&#x94D;&#x932;&#x940; : </subfield>
    <subfield code="b">&#x90F;&#x915;&#x948;&#x921;&#x92E;&#x93F;&#x915; &#x92A;&#x92C;&#x94D;&#x932;&#x93F;&#x915;&#x947;&#x936;&#x928;,</subfield>
    <subfield code="c">2022.</subfield>
  </datafield>
  <datafield tag="300" ind1=" " ind2=" ">
    <subfield code="a">584 p.; Hb</subfield>
  </datafield>
  <datafield tag="650" ind1=" " ind2=" ">
    <subfield code="a">&#x939;&#x93F;&#x902;&#x926;&#x940; &#x938;&#x93E;&#x939;&#x93F;&#x924;&#x94D;&#x92F;</subfield>
  </datafield>
  <datafield tag="942" ind1=" " ind2=" ">
    <subfield code="c">TB</subfield>
  </datafield>
  <datafield tag="999" ind1=" " ind2=" ">
    <subfield code="c">52085</subfield>
    <subfield code="d">52085</subfield>
  </datafield>
  <datafield tag="952" ind1=" " ind2=" ">
    <subfield code="0">0</subfield>
    <subfield code="1">0</subfield>
    <subfield code="4">0</subfield>
    <subfield code="7">0</subfield>
    <subfield code="8">NFIC</subfield>
    <subfield code="a">CUTN</subfield>
    <subfield code="b">CUTN</subfield>
    <subfield code="c">800</subfield>
    <subfield code="d">2026-04-29</subfield>
    <subfield code="e">Kiran Book Service, New Delhi - Invoice No. IN-00113 on 09-02-2026</subfield>
    <subfield code="l">0</subfield>
    <subfield code="o">891.431 BAL</subfield>
    <subfield code="p">57160</subfield>
    <subfield code="r">2026-04-29 11:20:41</subfield>
    <subfield code="w">2026-04-29</subfield>
    <subfield code="y">TB</subfield>
  </datafield>
</record>
